000 01243nam a22003135i 4500
001 15352
003 ES-MaACL
005 20250731005351.0
007 t|
008 000215m19901993sp ||||0| spa
020 _a84-85290-97-6
080 _a929 Pötting, Francisco Eusebio de
080 _a327(460:430)"16"
080 _a327(430:460)"16"
100 1 _aPötting, Francisco Eusebio de.
_993401
245 1 0 _aDiario del conde de Pötting, embajador del Sacro Imperio en Madrid (1664-1674) /
_cedición de Miguel Nieto Nuño.
260 _aMadrid :
_bMinisterio de Asuntos Exteriores, Centro de Documentación y Publicaciones,
_c1990-1993.
300 _a2 v. ;
_c23 cm.
490 1 _aBiblioteca diplomática española.
_aFuentes ;
_v1
500 _aÍndices.
600 1 4 _aPötting, Francisco Eusebio de.
_993401
651 4 _aEspaña-
_xRelaciones-
_zSacro Imperio Romano Germánico.
_9171069
651 4 _aSacro Imperio Romano Germánico-
_xRelaciones-
_zEspaña.
_9171070
700 1 _aNieto Nuño, Miguel.
_985703
710 1 _aEspaña.
_bMinisterio de Asuntos Exteriores.
_93845
830 1 0 _aBiblioteca diplomática española.
_pFuentes
_v1
_9179818
852 _aES-MaACL
_jL-22635-36
999 _c15352
_d15352